Bahāristān-i-ghaybī, Vol.-1 : (Record no. 22147)

MARC details
000 -LEADER
fixed length control field 01358nam a22003377a 4500
001 - CONTROL NUMBER
control field 1177964
003 - CONTROL NUMBER IDENTIFIER
control field BDDh-ASL
005 - DATE AND TIME OF LATEST TRANSACTION
control field 20231015030107.0
007 - PHYSICAL DESCRIPTION FIXED FIELD--GENERAL INFORMATION
fixed length control field hduafb---bacp
007 - PHYSICAL DESCRIPTION FIXED FIELD--GENERAL INFORMATION
fixed length control field hdubfb---baap
008 - FIXED-LENGTH DATA ELEMENTS--GENERAL INFORMATION
fixed length control field 970626s1936 ii b a 000 0 eng
010 ## - LIBRARY OF CONGRESS CONTROL NUMBER
LC control number 96910815
025 ## - OVERSEAS ACQUISITION NUMBER
Overseas acquisition number NBIL-10616
040 ## - CATALOGING SOURCE
Original cataloging agency DLC
Transcribing agency DLC
Modifying agency BDDh-ASL
041 1# - LANGUAGE CODE
Language code of text/sound track or separate title eng
Language code of original per
042 ## - AUTHENTICATION CODE
Authentication code lcode
043 ## - GEOGRAPHIC AREA CODE
Geographic area code a-ii---
050 00 - LIBRARY OF CONGRESS CALL NUMBER
Classification number Microfilm BUL-ENG-420 (D)
082 ## - DEWEY DECIMAL CLASSIFICATION NUMBER
Classification number 954.0256
Item number NAB
100 1# - MAIN ENTRY--PERSONAL NAME
Personal name Nathan, Mirza.
245 10 - TITLE STATEMENT
Title Bahāristān-i-ghaybī, Vol.-1 :
Remainder of title a history of the Mughal wars in Assam, Cooch Behar, Bengal, Bihar and Orissa during the reigns of Jahāngīr and Shāhjahān /
Statement of responsibility, etc. by Mīrzā Nathan ; translated by M.I. Borah.
250 ## - EDITION STATEMENT
Edition statement 1st ed.
260 ## - PUBLICATION, DISTRIBUTION, ETC.
Place of publication, distribution, etc. Gauhati, Assam :
Name of publisher, distributor, etc. Narayani Handiqui Historical Institute,
Date of publication, distribution, etc. 1936.
300 ## - PHYSICAL DESCRIPTION
Extent 1 v. :
Other physical details maps ;
Dimensions 22 cm.
533 ## - REPRODUCTION NOTE
Type of reproduction Microfilm.
Place of reproduction New Delhi :
Agency responsible for reproduction Library of Congress Office ;
Place of reproduction Chicago :
Agency responsible for reproduction Available from Center for Research Libraries,
Date of reproduction 1996.
Physical description of reproduction On 1 microfilm reel with other items ; 35 mm.
Series statement of reproduction (SAMP early 20th-century Indian books project ; item 10616)
Note about reproduction Master microform held by: ICRL.
651 #0 - SUBJECT ADDED ENTRY--GEOGRAPHIC NAME
Geographic name Mogul Empire.
830 #0 - SERIES ADDED ENTRY--UNIFORM TITLE
Uniform title SAMP early 20th-century Indian books project ;
Volume/sequential designation item 10616.
906 ## - LOCAL DATA ELEMENT F, LDF (RLIN)
a 7
b cbc
c origode
d 5
e ncip
f 19
g y-genmicro
942 ## - ADDED ENTRY ELEMENTS (KOHA)
Source of classification or shelving scheme Dewey Decimal Classification
Koha item type Books
Holdings
Withdrawn status Lost status Source of classification or shelving scheme Damaged status Not for loan Collection code Home library Current library Shelving location Date acquired Source of acquisition Serial Enumeration / chronology Total Checkouts Full call number Barcode Date last seen Copy number Price effective from Koha item type Public note
    Dewey Decimal Classification   Not For Loan Non-fiction Asiatic Society Library Asiatic Society Library General Stacks 02/21/2021 ASB Library Collections V-1   954.0256 NAB 106296 02/21/2021 C-1 02/21/2021 Books RARE

Powered by Koha